SL2 (R)

Salvato in:
Dettagli Bibliografici
Autore principale: Lang, Serge (Autore)
Natura: Libro
Lingua:russo
Pubblicazione: Moskva : Mir, 1977
Edizione:Z angl. prel. A. Kirrilov a kol.
Tags: Aggiungi Tag
Nessun Tag, puoi essere il primo ad aggiungerne!!

MARC

LEADER 00000nam a22000003a 4500
001 stu201623
005 20150617230106.6
008 100326s1977----xxr-----------------rus-d
040 |a STU  |b slo 
041 0 |a rus 
044 |a xxr 
080 |a 517  |7 stu_us_auth*stu8334 
100 1 |a Lang, Serge  |4 aut 
245 1 |a SL2 (R) 
250 |a Z angl. prel. A. Kirrilov a kol. 
260 |a Moskva :  |b Mir,  |c 1977 
300 |a 430 s 
996 |b E41675  |c E*41675  |l EE03  |s P  |a 0  |w stu201623_0001